Central Library OPAC University of Rajshahi

Soils and men : (Record no. 30476)

MARC details
000 -LEADER
fixed length control field 01227cam a22003611a 4500
001 - CONTROL NUMBER
control field 30476
003 - CONTROL NUMBER IDENTIFIER
rucl marc code BD-RjUL
005 - DATE AND TIME OF LATEST TRANSACTION
control field 20211209051553.0
008 - FIXED-LENGTH DATA ELEMENTS--GENERAL INFORMATION
fixed length control field 140410s1938 dcuacb by f001 0 eng
035 ## - SYSTEM CONTROL NUMBER
System control number (BD-RjUL)30562
System control number (OCoLC)615786
040 ## - CATALOGING SOURCE
Original cataloging agency DLC
Transcribing agency OKentU
Modifying agency DNAL
-- OCoLC
-- PGraM
-- MoSU-L
-- DLC
-- BD-RjUL
Language of cataloging eng
041 ## - LANGUAGE CODE
Language code of text/sound track or separate title eng
070 0# - NATIONAL AGRICULTURAL LIBRARY CALL NUMBER
Classification number 1
Item number Ag84Y 1938
072 #0 - SUBJECT CATEGORY CODE
Subject category code J800
082 ## - DEWEY DECIMAL CLASSIFICATION NUMBER
Classification number 631.11
Author mark and year SOI 1938
110 #2 - MAIN ENTRY--CORPORATE NAME
Corporate name or jurisdiction name as entry element United States. Department of Agriculture.
9 (RLIN) 25484
245 00 - TITLE STATEMENT
Title Soils and men :
Remainder of title yearbook of Agriculture 1938 /
Statement of responsibility, etc. by United States. Department of Agriculture.
260 ## - PUBLICATION, DISTRIBUTION, ETC. (IMPRINT)
Place of publication, distribution, etc. Washington D.C. :
Name of publisher, distributor, etc. U.S. Dept. of Agriculture,
Date of publication, distribution, etc. 1938.
300 ## - PHYSICAL DESCRIPTION
Pagination 1232 p. :
Illustrations ill., port., maps ;
Size 24 cm.
490 1# - SERIES STATEMENT
Series statement Yearbook of agriculture
Volume/sequential designation 1938
500 ## - GENERAL NOTE
General note Includes index.
General note Folded col. map attached to back cover.
504 ## - BIBLIOGRAPHY, ETC. NOTE
Bibliography, etc "Literature cited": p. 1181-1207 and index.
650 #0 - SUBJECT ADDED ENTRY--TOPICAL TERM
Topical term or geographic name as entry element Soils.
9 (RLIN) 92608
Topical term or geographic name as entry element Soil conservation
Geographic subdivision United States.
9 (RLIN) 11089
Topical term or geographic name as entry element Soils
Geographic subdivision United States.
9 (RLIN) 80809
830 #0 - SERIES ADDED ENTRY--UNIFORM TITLE
Volume number/sequential designation 1938.
Uniform title Yearbook of agriculture (Washington, D.C. : 1926) ;
942 ## - ADDED ENTRY ELEMENTS (KOHA)
Source of classification or shelving scheme Dewey Decimal Classification
Koha item type Books
Holdings
Lost status Source of classification or shelving scheme Damaged status Not for loan Collection code Permanent Location Current Location Shelving location Date acquired Source of acquisition Cost, normal purchase price Total Checkouts Full call number Date last seen Copy number Koha item type
  Dewey Decimal Classification   Not For Loan Non-fiction Central Library, University of Rajshahi Central Library, University of Rajshahi Reading Room 06/02/1962 D. A. I. Qurishi 25.00   631.11 SOI 1938 10/04/2014 C-1 Books
  Dewey Decimal Classification     Non-fiction Central Library, University of Rajshahi Central Library, University of Rajshahi   07/04/1962 Asia Fundation Gift 0.00   631.11 SOI 1938 10/04/2014 C-2 Books